000 01103nam a2200121Ia 4500
008 220620s9999||||xx |||||||||||||| ||und||
245 0 _aNumerical Simulations of Turbulent Combustion
546 _aEnglish[eng]
650 _asidewall quenching||LES||premixed methane||flame–wall interaction||FGM||Lewis number||flame curvature||iso-scalar non-material surfaces||turbulent premixed spherical flame||reaction waves||turbulent reacting flows||turbulent consumption velocity||bending effect||reaction surface area||molecular transport||direct numerical simulations||turbulent flame||premixed turbulent combustion||countergradient transport||flame surface density||scalar dissipation rate||modeling||large eddy simulation||confined||boundary layer flashback||turbulent combustion||hydrogen||autoignition modelling||reduced chemical kinetics||gasoline surrogates||engine knock||spray combustion||evaporative cooling||flame surface wrinkling modeling||thickened flame||flamelet generated manifold||n/a
700 _aLipatnikov, Andrei
856 _uhttps://mdpi.com/books/pdfview/book/2458
942 _cEB
999 _c32011
_d32011